000 00424nmm a2200157Ia 4500
008 251105s9999||||xx |||||||||||||||||und||
041 _aspa
100 _aMartínez, Mila
245 0 _aInsurrectas
264 _a[Madrid, España] :
_bEditorial Egales,
_c2021
300 _a340 páginas
490 _aNarrativa
650 _aSpanish narrative
856 _uhttps://public.digitaliapublishing.com/a/135821
942 _cCF
999 _c100266
_d100266